{"text_format":"3","workbook":"xlsx","n_sheets":1,"sheets":["t376"],"read":"whole","date_system":"1900"}

{"sheet":"t376","index":0,"n_rows":182,"n_cols":7,"rows_kept":182,"merged":[[0,0,0,6],[28,0,28,5],[43,0,43,5],[148,0,148,5]]}
["TABELA 376.1 - Estatísticas Agrícolas, Município de Nuporanga, Estado de São Paulo, 2016/17."]
["ITEM","UNIDADE","N.DE UPAs","MÍNIMO","MÉDIO","MÁXIMO","TOTAL"]
["Distância à sede do município","km",478,{"v":0,"d":"0.0"},{"v":9.74,"d":"9.7"},{"v":19,"d":"19.0"},"-"]
["Área total","hectare",478,2.4,{"v":71.59,"d":"71.6"},{"v":1398,"d":"1,398.0"},{"v":34218.14,"d":"34,218.1"}]
["Área com cultura perene","hectare",28,{"v":1,"d":"1.0"},{"v":21.67,"d":"21.7"},{"v":409,"d":"409.0"},606.8]
["Área com cultura temporária","hectare",447,0.1,{"v":60.95,"d":"61.0"},{"v":831,"d":"831.0"},{"v":27243.2,"d":"27,243.2"}]
["Área com pastagem","hectare",232,0.1,{"v":11.21,"d":"11.2"},231.3,{"v":2599.8,"d":"2,599.8"}]
["Área com reflorestamento","hectare",20,0.2,{"v":3.57,"d":"3.6"},{"v":26,"d":"26.0"},71.3]
["Área com vegetação natural","hectare",388,0.1,{"v":8.13,"d":"8.1"},169.7,{"v":3153.64,"d":"3,153.6"}]
["Área com vegetação de brejo e várzea","hectare",5,2.5,{"v":7.16,"d":"7.2"},{"v":16,"d":"16.0"},35.8]
["Área em descanso","hectare",3,{"v":1,"d":"1.0"},{"v":4.37,"d":"4.4"},7.3,13.1]
["Área complementar","hectare",297,0.1,{"v":1.66,"d":"1.7"},{"v":46,"d":"46.0"},494.5]
["Área das UPAs com (0, 1] ha","hectare","-","-","-","-","-"]
["Área das UPAs com (1, 2] ha","hectare","-","-","-","-","-"]
["Área das UPAs com (2, 5] ha","hectare",25,2.4,{"v":3.98,"d":"4.0"},{"v":5,"d":"5.0"},99.5]
["Área das UPAs com (5, 10] ha","hectare",40,5.1,7.6,9.9,303.8]
["Área das UPAs com (10, 20] ha","hectare",69,10.1,{"v":14.88,"d":"14.9"},19.6,{"v":1026.9,"d":"1,026.9"}]
["Área das UPAs com (20, 50] ha","hectare",147,20.5,{"v":32.22,"d":"32.2"},49.6,{"v":4736.7,"d":"4,736.7"}]
["Área das UPAs com (50, 100] ha","hectare",98,50.2,{"v":70.16,"d":"70.2"},99.9,{"v":6875.3,"d":"6,875.3"}]
["Área das UPAs com (100, 200] ha","hectare",74,101.6,{"v":142.34,"d":"142.3"},193.6,{"v":10532.94,"d":"10,532.9"}]
["Área das UPAs com (200, 500] ha","hectare",17,208.2,{"v":292.42,"d":"292.4"},496.3,{"v":4971.2,"d":"4,971.2"}]
["Área das UPAs com (500, 1.000] ha","hectare",7,517.1,{"v":610.54,"d":"610.5"},796.8,{"v":4273.8,"d":"4,273.8"}]
["Área das UPAs com (1.000, 2.000] ha","hectare",1,{"v":1398,"d":"1,398.0"},{"v":1398,"d":"1,398.0"},{"v":1398,"d":"1,398.0"},{"v":1398,"d":"1,398.0"}]
["Área das UPAs com (2.000, 5.000] ha","hectare","-","-","-","-","-"]
["Área das UPAs com (5.000, 10.000] ha","hectare","-","-","-","-","-"]
["Área das UPAs acima de 10.000 ha","hectare","-","-","-","-","-"]
["Fonte: Secretaria de Agricultura e Abastecimento, CDRS/IEA, Projeto LUPA."]
[]
["TABELA 376.2 - Explorações Animais, Município de Nuporanga, Estado de São Paulo, 2016/17."]
["ITEM","UNIDADE","N.DE UPAs","MÍNIMO","MÉDIO","MÁXIMO","TOTAL"]
["Asininos e muares","cabecas",12,{"v":1,"d":"1.0"},{"v":1.67,"d":"1.7"},{"v":4,"d":"4.0"},{"v":20,"d":"20.0"}]
["Avicultura de corte","cabecas/ano",20,{"v":84000,"d":"84,000.0"},{"v":232688,"d":"232,688.0"},{"v":600000,"d":"600,000.0"},{"v":4653760,"d":"4,653,760.0"}]
["Avicultura para ovos","cabecas",1,{"v":33000,"d":"33,000.0"},{"v":33000,"d":"33,000.0"},{"v":33000,"d":"33,000.0"},{"v":33000,"d":"33,000.0"}]
["Bovinocultura de corte","cabecas",51,{"v":4,"d":"4.0"},{"v":45.53,"d":"45.5"},{"v":250,"d":"250.0"},{"v":2322,"d":"2,322.0"}]
["Bovinocultura leiteira","cabecas",22,{"v":2,"d":"2.0"},{"v":40.64,"d":"40.6"},{"v":116,"d":"116.0"},{"v":894,"d":"894.0"}]
["Bovinocultura mista","cabecas",56,{"v":1,"d":"1.0"},{"v":20.16,"d":"20.2"},{"v":120,"d":"120.0"},{"v":1129,"d":"1,129.0"}]
["Caprinocultura","cabecas",3,{"v":15,"d":"15.0"},{"v":25,"d":"25.0"},{"v":35,"d":"35.0"},{"v":75,"d":"75.0"}]
["Equinocultura","cabecas",72,{"v":1,"d":"1.0"},{"v":2.42,"d":"2.4"},{"v":10,"d":"10.0"},{"v":174,"d":"174.0"}]
["Ovinocultura","cabecas",7,{"v":20,"d":"20.0"},{"v":41.43,"d":"41.4"},{"v":100,"d":"100.0"},{"v":290,"d":"290.0"}]
["Piscicultura","m2 tanques",5,{"v":400,"d":"400.0"},{"v":2880,"d":"2,880.0"},{"v":5000,"d":"5,000.0"},{"v":14400,"d":"14,400.0"}]
["Suinocultura","cabecas",23,{"v":4,"d":"4.0"},{"v":56.09,"d":"56.1"},{"v":1000,"d":"1,000.0"},{"v":1290,"d":"1,290.0"}]
["Fonte: Secretaria de Agricultura e Abastecimento, CDRS/IEA, Projeto LUPA."]
[]
["TABELA 376.3 -  Máquinas, Implementos e Benfeitorias, Município de Nuporanga, Estado de São Paulo, 2016/17."]
["ITEM","UNIDADE","N.DE UPAs","MÍNIMO","MÉDIO","MÁXIMO","TOTAL"]
["Arado comum (bacia, aiveca)","unidade",39,{"v":1,"d":"1.0"},{"v":1.05,"d":"1.1"},{"v":2,"d":"2.0"},{"v":41,"d":"41.0"}]
["Arado escarificador","unidade",31,{"v":1,"d":"1.0"},1.1,{"v":2,"d":"2.0"},{"v":34,"d":"34.0"}]
["Arado subsolador","unidade",10,{"v":1,"d":"1.0"},1.1,{"v":2,"d":"2.0"},{"v":11,"d":"11.0"}]
["Batedeira de cereais","unidade",1,{"v":1,"d":"1.0"},{"v":1,"d":"1.0"},{"v":1,"d":"1.0"},{"v":1,"d":"1.0"}]
["Carreta de trator","unidade",4,{"v":1,"d":"1.0"},{"v":1.75,"d":"1.8"},{"v":2,"d":"2.0"},{"v":7,"d":"7.0"}]
["Colhedeira acoplada","unidade",3,{"v":1,"d":"1.0"},{"v":1.33,"d":"1.3"},{"v":2,"d":"2.0"},{"v":4,"d":"4.0"}]
["Colhedeira automotriz","unidade",20,{"v":1,"d":"1.0"},{"v":1.35,"d":"1.4"},{"v":2,"d":"2.0"},{"v":27,"d":"27.0"}]
["Computador","unidade",1,{"v":1,"d":"1.0"},{"v":1,"d":"1.0"},{"v":1,"d":"1.0"},{"v":1,"d":"1.0"}]
["Conj.irrigacao autopropelido","unidade",1,{"v":1,"d":"1.0"},{"v":1,"d":"1.0"},{"v":1,"d":"1.0"},{"v":1,"d":"1.0"}]
["Conj.irrigacao convencional","unidade",1,{"v":1,"d":"1.0"},{"v":1,"d":"1.0"},{"v":1,"d":"1.0"},{"v":1,"d":"1.0"}]
["Conj.irrigacao pivot central","unidade",2,{"v":1,"d":"1.0"},{"v":3,"d":"3.0"},{"v":5,"d":"5.0"},{"v":6,"d":"6.0"}]
["Conj.irrigacao/gotejamento/microaspersao","unidade",2,{"v":1,"d":"1.0"},{"v":1,"d":"1.0"},{"v":1,"d":"1.0"},{"v":2,"d":"2.0"}]
["Desintegrador, picador, triturador","unidade",94,{"v":1,"d":"1.0"},{"v":1.03,"d":"1.0"},{"v":2,"d":"2.0"},{"v":97,"d":"97.0"}]
["Distribuidor de calcario","unidade",24,{"v":1,"d":"1.0"},{"v":1.54,"d":"1.5"},{"v":7,"d":"7.0"},{"v":37,"d":"37.0"}]
["Ensiladeira","unidade",40,{"v":1,"d":"1.0"},{"v":1,"d":"1.0"},{"v":1,"d":"1.0"},{"v":40,"d":"40.0"}]
["Grade aradora (tipo romi)","unidade",34,{"v":1,"d":"1.0"},{"v":1.09,"d":"1.1"},{"v":2,"d":"2.0"},{"v":37,"d":"37.0"}]
["Grade niveladora","unidade",47,{"v":1,"d":"1.0"},{"v":1.17,"d":"1.2"},{"v":3,"d":"3.0"},{"v":55,"d":"55.0"}]
["Implementos para tracao animal","unidade",1,{"v":1,"d":"1.0"},{"v":1,"d":"1.0"},{"v":1,"d":"1.0"},{"v":1,"d":"1.0"}]
["Misturador de racao","unidade",7,{"v":1,"d":"1.0"},{"v":1,"d":"1.0"},{"v":1,"d":"1.0"},{"v":7,"d":"7.0"}]
["Mmicrotrator","unidade",4,{"v":1,"d":"1.0"},{"v":1,"d":"1.0"},{"v":1,"d":"1.0"},{"v":4,"d":"4.0"}]
["Ordenhadeira mecanica","unidade",11,{"v":1,"d":"1.0"},{"v":1,"d":"1.0"},{"v":1,"d":"1.0"},{"v":11,"d":"11.0"}]
["Pulverizador tratorizado","unidade",71,{"v":1,"d":"1.0"},{"v":1.38,"d":"1.4"},{"v":6,"d":"6.0"},{"v":98,"d":"98.0"}]
["Resfriador de leite, tanque expansao","unidade",17,{"v":1,"d":"1.0"},{"v":1,"d":"1.0"},{"v":1,"d":"1.0"},{"v":17,"d":"17.0"}]
["Roçadeira tratorizada","unidade",2,{"v":1,"d":"1.0"},{"v":1,"d":"1.0"},{"v":1,"d":"1.0"},{"v":2,"d":"2.0"}]
["Semeadeira/adubadeira para plantio convencional","unidade",25,{"v":1,"d":"1.0"},{"v":1,"d":"1.0"},{"v":1,"d":"1.0"},{"v":25,"d":"25.0"}]
["Semeadeira/plantadeira plantio direto","unidade",42,{"v":1,"d":"1.0"},{"v":1.24,"d":"1.2"},{"v":2,"d":"2.0"},{"v":52,"d":"52.0"}]
["Trator de pneus  acima de 85 cv","unidade",60,{"v":1,"d":"1.0"},{"v":2.15,"d":"2.2"},{"v":15,"d":"15.0"},{"v":129,"d":"129.0"}]
["Trator de pneus até 65 cv","unidade",25,{"v":1,"d":"1.0"},{"v":1.04,"d":"1.0"},{"v":2,"d":"2.0"},{"v":26,"d":"26.0"}]
["Trator de pneus de 66 cv a 85 cv","unidade",71,{"v":1,"d":"1.0"},{"v":1.39,"d":"1.4"},{"v":5,"d":"5.0"},{"v":99,"d":"99.0"}]
["Acude/represa","unidade",98,{"v":1,"d":"1.0"},{"v":1.44,"d":"1.4"},{"v":4,"d":"4.0"},{"v":141,"d":"141.0"}]
["Almoxarifado/oficina","unidade",6,{"v":1,"d":"1.0"},{"v":1.17,"d":"1.2"},{"v":2,"d":"2.0"},{"v":7,"d":"7.0"}]
["Armazem para graos ensacados","sacas",20]
["Balanca para bovinos","unidade",3,{"v":1,"d":"1.0"},{"v":1,"d":"1.0"},{"v":1,"d":"1.0"},{"v":3,"d":"3.0"}]
["Balanca para veiculos","unidade",1,{"v":1,"d":"1.0"},{"v":1,"d":"1.0"},{"v":1,"d":"1.0"},{"v":1,"d":"1.0"}]
["Barracao para granja/avicultura","unidade",28,{"v":1,"d":"1.0"},{"v":1.86,"d":"1.9"},{"v":4,"d":"4.0"},{"v":52,"d":"52.0"}]
["Barracao/galpao/garagem","unidade",159,{"v":1,"d":"1.0"},{"v":1.29,"d":"1.3"},{"v":6,"d":"6.0"},{"v":205,"d":"205.0"}]
["Casa de moradia habitada","unidade",181,{"v":1,"d":"1.0"},{"v":1.56,"d":"1.6"},{"v":11,"d":"11.0"},{"v":283,"d":"283.0"}]
["Casa de moradia total","unidade",253,{"v":1,"d":"1.0"},{"v":1.83,"d":"1.8"},{"v":8,"d":"8.0"},{"v":463,"d":"463.0"}]
["Curral/mangueira","unidade",164,{"v":1,"d":"1.0"},1.1,{"v":4,"d":"4.0"},{"v":181,"d":"181.0"}]
["Deposito/tulha","unidade",105,{"v":1,"d":"1.0"},{"v":1.07,"d":"1.1"},{"v":2,"d":"2.0"},{"v":112,"d":"112.0"}]
["Estabulo","unidade",71,{"v":1,"d":"1.0"},{"v":1.07,"d":"1.1"},{"v":4,"d":"4.0"},{"v":76,"d":"76.0"}]
["Estacao/posto meteorologico","unidade",1,{"v":1,"d":"1.0"},{"v":1,"d":"1.0"},{"v":1,"d":"1.0"},{"v":1,"d":"1.0"}]
["Instalacoes para equinos","unidade",2,{"v":1,"d":"1.0"},1.5,{"v":2,"d":"2.0"},{"v":3,"d":"3.0"}]
["Maquina de beneficio","unidade",4,{"v":1,"d":"1.0"},{"v":1,"d":"1.0"},{"v":1,"d":"1.0"},{"v":4,"d":"4.0"}]
["Pocilga","unidade",84,{"v":1,"d":"1.0"},{"v":1.04,"d":"1.0"},{"v":2,"d":"2.0"},{"v":87,"d":"87.0"}]
["Poco semi-artesiano","unidade",18,{"v":1,"d":"1.0"},{"v":1,"d":"1.0"},{"v":1,"d":"1.0"},{"v":18,"d":"18.0"}]
["Secador de graos","unidade",2,{"v":1,"d":"1.0"},5.5,{"v":10,"d":"10.0"},{"v":11,"d":"11.0"}]
["Silo para silagem","ton",14]
["Terreiro","m2",25]
["Fonte: Secretaria de Agricultura e Abastecimento, CDRS/IEA, Projeto LUPA."]
[]
["TABELA 376.4 - Outras Estatísticas Agrícolas, Município de Nuporanga, Estado de São Paulo, 2016/17."]
["ITEM","Número de UPAs",null,"Percentual"]
["Faz Parte de Associação de Produtores",17,null,{"v":3.556485355648536,"d":"3.6"}]
["Faz Parte de Cooperativa de Produtores",49,null,{"v":10.251046025104602,"d":"10.3"}]
["Faz Parte do Sindicato de Produtores",24,null,{"v":5.020920502092051,"d":"5.0"}]
["Não utiliza assistência técnica ",38,null,{"v":7.949790794979079,"d":"7.9"}]
["Utiliza somente assistência técnica governamental ",7,null,{"v":1.4644351464435146,"d":"1.5"}]
["Utiliza somente assistência técnica privada ",202,null,{"v":42.25941422594142,"d":"42.3"}]
["Utiliza assistência técnica tanto governamental quanto privada",231,null,{"v":48.32635983263598,"d":"48.3"}]
["Utiliza Crédito Rural",199,null,{"v":41.63179916317991,"d":"41.6"}]
["Utiliza Seguro Rural",96,null,{"v":20.0836820083682,"d":"20.1"}]
["Utiliza Escrituração Agrícola",436,null,{"v":91.2133891213389,"d":"91.2"}]
["Acessa Internet p/ Fins na Agropecuária",64,null,{"v":13.389121338912133,"d":"13.4"}]
["Utiliza Computador nas Atividades Agropecuárias",30,null,{"v":6.2761506276150625,"d":"6.3"}]
["Utiliza Energia Elétrica Para Uso na Atividade Agrícola",264,null,{"v":55.23012552301255,"d":"55.2"}]
["Utiliza Energia Alternativa",2,null,{"v":0.4184100418410041,"d":"0.4"}]
["Realiza Análise de Solo, quando necessário",425,null,{"v":88.91213389121339,"d":"88.9"}]
["Realiza Calagem",254,null,{"v":53.13807531380753,"d":"53.1"}]
["Utiliza Práticas de Conservação de Solo, quando necessário",447,null,{"v":93.51464435146443,"d":"93.5"}]
["Faz Adubação Mineral, quando necessário",438,null,{"v":91.6317991631799,"d":"91.6"}]
["Faz Adubação Orgânica, quando necessário",51,null,{"v":10.669456066945607,"d":"10.7"}]
["Faz Adubação Verde, quando necessário",1,null,{"v":0.20920502092050208,"d":"0.2"}]
["Utiliza Manejo Integrado de Pragas (MIP)",1,null,{"v":0.20920502092050208,"d":"0.2"}]
["Utiliza Hidroponia","-",null,"-"]
["Utiliza Cultivo em Estufa","-",null,"-"]
["Utiliza Mudas Fiscalizadas",8,null,{"v":1.6736401673640169,"d":"1.7"}]
["Utiliza Semente Melhorada",220,null,{"v":46.02510460251046,"d":"46.0"}]
["Faz Confinamento de Bovinos",6,null,{"v":1.2552301255230127,"d":"1.3"}]
["Utiliza Pastejo Intensivo",9,null,{"v":1.882845188284519,"d":"1.9"}]
["Faz Inseminação Artificial",3,null,{"v":0.6276150627615064,"d":"0.6"}]
["Faz Mineralização do Rebanho",113,null,{"v":23.640167364016737,"d":"23.6"}]
["Faz Vermifugação do Rebanho",114,null,{"v":23.849372384937237,"d":"23.8"}]
["Possui Parceiros /Arrendatários na Exploração Animal",12,null,{"v":2.5104602510460254,"d":"2.5"}]
["Existência de trabalhadores c/ deficiência na UPA",4,null,{"v":0.8368200836820084,"d":"0.8"}]
["Esporte e lazer",1,null,{"v":0.20920502092050208,"d":"0.2"}]
["Extração mineral","-",null,"-"]
["Hotel Fazenda, Pousada ou SPA","-",null,"-"]
["Pesque-pague",4,null,{"v":0.8368200836820084,"d":"0.8"}]
["Restaurante ou Lanchonete",2,null,{"v":0.4184100418410041,"d":"0.4"}]
["Transformação artesanal",1,null,{"v":0.20920502092050208,"d":"0.2"}]
["Turismo rural ou ecoturismo","-",null,"-"]
["Outras atividades econômicas rurais","-",null,"-"]
["Agroindústria",2,null,{"v":0.4184100418410041,"d":"0.4"}]
["Proprietário sem instrução ou com instrução incompleta","-",null,"-"]
["Proprietário com antigo primário completo",137,null,{"v":28.661087866108787,"d":"28.7"}]
["Proprietário com 1° grau (ou antigo ginasial) completo",103,null,{"v":21.548117154811717,"d":"21.5"}]
["Proprietário com 2° grau (ou antigo colegial) completo",70,null,{"v":14.644351464435145,"d":"14.6"}]
["Proprietário com curso superior completo ",157,null,{"v":32.84518828451883,"d":"32.8"}]
["Pessoa Jurídica",11,null,{"v":2.3012552301255234,"d":"2.3"}]
["Proprietário residente na própria UPA ",43,null,{"v":8.99581589958159,"d":"9.0"}]
["Fonte: Secretaria de Agricultura e Abastecimento, CDRS/IEA, Projeto LUPA."]
[]
["TABELA 376.5 - Área Cultivada, Município de Nuporanga, Estado de São Paulo, 2016/17."]
["CULTURA","N.DE UPAs","MÍNIMO","MÉDIO","MÁXIMO","TOTAL"]
["Cana-de-acucar finalidade industria",397,0.1,{"v":63.76,"d":"63.8"},{"v":831,"d":"831.0"},{"v":25313.7,"d":"25,313.7"}]
["Soja",102,1.6,{"v":47.63,"d":"47.6"},{"v":242,"d":"242.0"},{"v":4858.2,"d":"4,858.2"}]
["Braquiaria",214,0.1,{"v":10.29,"d":"10.3"},{"v":128,"d":"128.0"},{"v":2201.4,"d":"2,201.4"}]
["Milho 2 safra",37,0.5,{"v":27.98,"d":"28.0"},128.3,{"v":1035.2,"d":"1,035.2"}]
["Cafe",28,{"v":1,"d":"1.0"},{"v":21.64,"d":"21.6"},{"v":409,"d":"409.0"},605.8]
["Sorgo",15,1.8,{"v":30.61,"d":"30.6"},145.2,459.2]
["Outras gramineas para pastagem",3,0.2,{"v":75,"d":"75.0"},210.2,{"v":225,"d":"225.0"}]
["Milho safra",24,0.5,{"v":7.18,"d":"7.2"},24.2,172.4]
["Gramas",15,0.2,{"v":6.85,"d":"6.9"},{"v":24,"d":"24.0"},102.8]
["Milho-silagem",26,{"v":1,"d":"1.0"},{"v":3.85,"d":"3.9"},8.5,100.2]
["Eucalipto",20,0.2,{"v":3.57,"d":"3.6"},{"v":26,"d":"26.0"},71.3]
["Crotalaria",1,43.5,43.5,43.5,43.5]
["Capim-jaragua",3,4.9,{"v":12.23,"d":"12.2"},21.1,36.7]
["Coloniao",10,0.1,{"v":2.72,"d":"2.7"},7.6,27.2]
["Cana-de-acucar outras finalidades",3,0.3,{"v":3.57,"d":"3.6"},9.9,10.7]
["Capim-napier (ou capim-elefante)",4,0.5,{"v":1.68,"d":"1.7"},{"v":5,"d":"5.0"},6.7]
["Alface",6,0.1,{"v":0.98,"d":"1.0"},3.5,5.9]
["Abobora (ou jerimum)",5,0.4,{"v":0.86,"d":"0.9"},2.4,4.3]
["Tomate envarado",5,0.2,{"v":0.74,"d":"0.7"},1.5,3.7]
["Mandioca",3,0.4,0.9,1.3,2.7]
["Berinjela",3,0.5,{"v":0.83,"d":"0.8"},{"v":1,"d":"1.0"},2.5]
["Jilo",2,0.2,0.6,{"v":1,"d":"1.0"},1.2]
["Outras olericolas",4,0.1,{"v":0.28,"d":"0.3"},0.5,1.1]
["Uva fina",1,{"v":1,"d":"1.0"},{"v":1,"d":"1.0"},{"v":1,"d":"1.0"},{"v":1,"d":"1.0"}]
["Couve (ou couve-crespa)",4,0.1,{"v":0.13,"d":"0.1"},0.2,0.5]
["Cebolinha",3,0.1,{"v":0.17,"d":"0.2"},0.2,0.5]
["Feijao-vagem (ou vagem, ou feijao-verde)",3,0.1,{"v":0.13,"d":"0.1"},0.2,0.4]
["Pepino",2,0.1,0.2,0.3,0.4]
["Quiabo",2,0.1,0.2,0.3,0.4]
["Brocolos (ou brocolis)",2,0.1,{"v":0.15,"d":"0.2"},0.2,0.3]
["Couve-flor",1,0.1,0.1,0.1,0.1]
["Fonte: Secretaria de Agricultura e Abastecimento, CDRS/IEA, Projeto LUPA."]